| 000 | 00577nam a22001937a 4500 | ||
|---|---|---|---|
| 003 | DEla salle | ||
| 005 | 20140310183003.0 | ||
| 008 | 130209t xxu||||| |||| 00| 0 eng d | ||
| 020 | _a9710868160 | ||
| 050 |
_aPN 4793.P6 _b.M24 2008 |
||
| 245 |
_aFeature, editorial and opinion writing : _bwith glossary of common English idioms / _cAlito L. Malinao. |
||
| 250 | _a1st ed. | ||
| 260 |
_aMandaluyong City : _bNational Book Store, _c2008. |
||
| 300 |
_a376 p. : _c22 cm. _bill. ; |
||
| 521 | _aMC | ||
| 650 | _aFeature writing. | ||
| 942 |
_2lcc _cBK _kLOC |
||
| 999 |
_c18143 _d18143 |
||